000 01251nam a2200361 c 4500
001 57855
003 CO-BoRNBP
005 20250731172940.0
007 ta
008 201120r19902021mx a br 000 j spa d
020 _a9789681642709
040 _aCO-BoRNBP
_bspa
_erda
_cCO-BoRNBP
041 1 _aspa
_heng
043 _ae-uk-en
084 _aA
100 _aBrowne, Anthony,
_d1946-
_eaut
245 1 0 _aCambios /
_cAnthony Browne ; traducción Carmen Esteva.
250 _aPrimera edición.
_bDécima reimpresión
264 1 _aMéxico :
_bEditorial Fondo de Cultura Económica,
_c2021
300 _a28 páginas sin numerar :
_bilustraciones a color
336 _atexto
_btxt
_2rdacontent
337 _asin mediación
_bn
_2rdamedia
338 _avolumen
_bnc
_2rdacarrier
490 0 _aLos especiales de a la orilla del viento
500 _aEl material de la dotación PNLB 2022, corresponde a la décima reimpresión de 2021
521 1 _aRecomendado para un público infantil mayor de 6 años
534 _tChanges
650 0 7 _aCuentos infantiles ingleses
_ysiglo xx
_2lemb
_9741
650 0 7 _aLiteratura infantil inglesa
_2lemb
650 0 7 _aNiños en la literatura
_2lemb
_9873
700 _aEsteva, Carmen
_etrl
942 _2loc
_cBKLITI
999 _c57855
_d57855